000 00372 a2200169 4500
001 194941
020 _a978-85-8171-039-6
040 _cMagnum
100 _aMONTEIRO, Alex
240 1 0 _aSabiá que não sabia voar
_lpor
245 1 0 _aSabiá que não sabia voar
300 _a24
362 0 _a2012
440 1 _aSEDUC
697 _aLITERATURA INFANTIL
942 _cBK
999 _c194941
_d194941